000 00268nam a2200109 a 4500
005 20140513081048.0
008 020606s19uu xx 00 eng d
050 _aP 612.3
_bCIR
245 _aThe circulatory systems.
650 _aBody systems
_xPosters
999 _c116235
_d116235